LEADER 01079nam a2200289 i 4500 001 991003105929707536 005 20020509112331.0 008 010514s1968 it ||| | ita 035 $ab11110302-39ule_inst 035 $aPARLA175277$9ExL 040 $aDip.to Filosofia$bita 082 0 $a649.5 100 1 $aPage, Hilary$0203828 245 10$aGioco e giocattoli nei primi cinque anni /$cHilary Page ; traduzione di Olga Devoto ; presentazione di Ernesto Lama 260 $aFirenze :$bGiunti ; Barbera,$c1968 300 $a204 p. :$bill., 8 tav. ;$c21 cm. 490 0 $aCollezione psicologica 500 $aTit. orig.: Playtime in the first five years 650 4$aGiochi infantili 700 1 $aDevoto, Olga 700 1 $aLama, Ernesto 907 $a.b11110302$b23-02-17$c28-06-02 912 $a991003105929707536 945 $aLE005IF XXX E 26$g1$i2005000222894$lle005$o-$pE0.00$q-$rl$s- $t0$u4$v1$w4$x0$y.i1124608x$z28-06-02 996 $aGioco e giocattoli nei primi cinque anni$9274514 997 $aUNISALENTO 998 $ale005$b01-01-01$cm$da $e-$fita$git $h0$i1 LEADER 01638nas 2200529-a 450 001 996321717403316 005 20230801213017.0 035 $a(DE-599)ZDB2389901-3 035 $a(OCoLC)244639431 035 $a(CKB)1000000000289622 035 $a(CONSER)--2009252911 035 $a(EXLCZ)991000000000289622 100 $a20080829a20069999 s-- - 101 0 $apor 135 $aur||||||||||| 181 $ctxt$2rdacontent 182 $cc$2rdamedia 183 $acr$2rdacarrier 200 00$aRevista ambiente & água $ean interdisciplinary journal of applied science 210 $aTaubaté $cCurso de Pós-Graduação em Ciências Ambientais da Universidade de Taubaté 215 $a1 online resource 300 $aRefereed/Peer-reviewed 311 $a1980-993X 517 1 $aRevista ambiente e água 517 1 $aAmbiente e água 517 1 $aAmbiente & água 517 1 $aA & A 517 1 $aAmbi-Agua 531 $aAMBIENTE E AGUA 531 1 $aRev. ambiente água 606 $aEnvironmental sciences$vPeriodicals 606 $aHydrology$vPeriodicals 606 $aHydrogeology$vPeriodicals 606 $aEnvironmental sciences$2fast$3(OCoLC)fst00913474 606 $aHydrogeology$2fast$3(OCoLC)fst00965077 606 $aHydrology$2fast$3(OCoLC)fst00965147 608 $aPeriodicals.$2fast 615 0$aEnvironmental sciences 615 0$aHydrology 615 0$aHydrogeology 615 7$aEnvironmental sciences. 615 7$aHydrogeology. 615 7$aHydrology. 906 $aJOURNAL 912 $a996321717403316 996 $aRevista ambiente & água$92108139 997 $aUNISA